| 000 | 00908nam a22001577a 4500 | ||
|---|---|---|---|
| 003 | OSt | ||
| 005 | 20151120151651.0 | ||
| 008 | 151120b xxu||||| |||| 00| 0 eng d | ||
| 040 | _cRUA | ||
| 082 | _aFIS ឡុង 1996 B161 Or.1 | ||
| 100 |
_93965 _aឡុង រដ្ឋារក្ស |
||
| 245 | _aThe effect of the dam constructions on agriculture, study case: The effect of the spean sreing dam on agriculture in krorlanh district siemreap province, ឥទ្ធិពលនៃកាេសាងសង់ទំនប់ទឹកទៅលើវិស័យកសិកម្, ករណិសិក្សា ឥទ្ធិពលនៃទំបន់ស្ពានស្រែង លើវិស័យកសិកម្ម នៅក្នុងស្រុលក្រឡាញ ខេត្តសៀមរាប | ||
| 260 |
_aPhnom Penh _bRUA _c1996 |
||
| 300 |
_a71p. _bill. _c29cm. |
||
| 942 |
_2ddc _cFIS |
||
| 999 |
_c3686 _d3686 |
||